УИРС / ДО 2017 (21.05.03): электронный курс

Библиографические подробности
Главный автор: Немирович-Данченко М. М. Михаил Михайлович
Автор-организация: Национальный исследовательский Томский политехнический университет Инженерная школа природных ресурсов Отделение геологии
Примечания:Заглавие с экрана
Цель дисциплины: «Учебно-исследовательская работа студентов» (УИРС) – приобретение знаний и навыков проведения научно-исследовательской работы, которыми должен обладать современный специалист в области технологий геологической разведки. Результаты освоения дисциплины: В результате освоения данной дисциплины студент должен знать место учебной дисциплины «Учебно-исследовательская работа студентов» в комплексе профессиональных и специальных дисциплин, ее значение для повышения эффективности геологоразведочного дела, обеспечения минерально-сырьевой базы России; использовать знания, законы и технологии естественнонаучных, математических, социально-экономических наук в профессиональной деятельности; знать источники научно-технической информации в области технологий геологической разведки и методы ее поиска; уметь проводить библиографический поиск научно-технической информации, ориентироваться в потоке профессиональной и другой полезной в профессии информации, обобщать и излагать в форме рефератов и эссе опубликованные материалы составлять аналитические обзоры и отчеты в области технологий геологической разведки .
Доступ по логину и паролю
Язык:русский
Опубликовано: Томск, TPU Moodle, 2018
Предметы:
Online-ссылка:http://design.lms.tpu.ru/enrol/index.php?id=2528
Формат: MixedMaterials Электронный ресурс Книга
Запись в KOHA:https://koha.lib.tpu.ru/cgi-bin/koha/opac-detail.pl?biblionumber=658483

MARC

LEADER 00000nlm0a2200000 4500
001 658483
005 20231102030251.0
035 |a (RuTPU)RU\TPU\network\26376 
090 |a 658483 
100 |a 20181018d2018 m y0rusy50 ca 
101 0 |a rus 
102 |a RU 
105 |a a j 000zy 
135 |a jrcn ---uucaa 
181 0 |a i  
182 0 |a b 
200 1 |a УИРС / ДО 2017 (21.05.03)  |e электронный курс  |f М. М. Немирович-Данченко  |g Национальный исследовательский Томский политехнический университет, Инженерная школа природных ресурсов, Отделение геологии 
203 |a Текст  |c электронный 
210 |a Томск  |c TPU Moodle  |d 2018 
230 |a Электрон. дан. 
300 |a Заглавие с экрана 
330 |a Цель дисциплины: «Учебно-исследовательская работа студентов» (УИРС) – приобретение знаний и навыков проведения научно-исследовательской работы, которыми должен обладать современный специалист в области технологий геологической разведки. Результаты освоения дисциплины: В результате освоения данной дисциплины студент должен знать место учебной дисциплины «Учебно-исследовательская работа студентов» в комплексе профессиональных и специальных дисциплин, ее значение для повышения эффективности геологоразведочного дела, обеспечения минерально-сырьевой базы России; использовать знания, законы и технологии естественнонаучных, математических, социально-экономических наук в профессиональной деятельности; знать источники научно-технической информации в области технологий геологической разведки и методы ее поиска; уметь проводить библиографический поиск научно-технической информации, ориентироваться в потоке профессиональной и другой полезной в профессии информации, обобщать и излагать в форме рефератов и эссе опубликованные материалы составлять аналитические обзоры и отчеты в области технологий геологической разведки . 
333 |a Доступ по логину и паролю 
606 1 |a Студенты  |x Научно-исследовательская работа  |2 stltpush  |3 (RuTPU)RU\TPU\subj\68806  |9 83939 
610 1 |a электронный ресурс 
610 1 |a труды учёных ТПУ 
610 1 |a электронные учебные пособия 
610 1 |a учебные пособия 
610 1 |a Moodle 
610 1 |a e-learning 
610 1 |a УИРС 
686 |a Ч481.286я7  |2 rubbk 
700 1 |a Немирович-Данченко  |b М. М.  |c геофизик  |c профессор Томского политехнического университета, доктор физико-математических наук  |f 1955-  |g Михаил Михайлович  |2 stltpush  |3 (RuTPU)RU\TPU\pers\32023 
712 0 2 |a Национальный исследовательский Томский политехнический университет  |b Инженерная школа природных ресурсов  |b Отделение геологии  |h 8083  |2 stltpush  |3 (RuTPU)RU\TPU\col\23542 
801 2 |a RU  |b 63413507  |c 20211216  |g RCR 
856 4 |u http://design.lms.tpu.ru/enrol/index.php?id=2528 
942 |c CF 
954 |a 21.05.03 Технология геологической разведки